Statistics for Countries Closest to Asia A-Z

Click here to take the quiz!

General Stats

  • This quiz has been taken 472 times
    (237 since last reset)
  • The average score is 14 of 21

Answer Stats

lettercountry% Correct
AAustralia
83%
ZZambia
79%
DDjibouti
78%
GGreece
78%
BBulgaria
77%
EEritrea
76%
HHungary
75%
RRomania
73%
FFinland
72%
PPapua
New Guinea
72%
LLibya
71%
UUnited States
71%
IItaly
70%
SSomalia
69%
JJamaica
66%
KKosovo
64%
VVatican City
64%
TTunisia
54%
NNorth Macedonia
53%
CCroatia
51%
MMontenegro
47%

Score Distribution

Percentile by Number Answered

Percent of People with Each Score

Your Score History

You have not taken this quiz since the last reset